Taskeen-e-Rooh / (Record no. 525877)
[ view plain ]
| 000 -LEADER | |
|---|---|
| fixed length control field | 00511nam a22001817a 4500 |
| 003 - CONTROL NUMBER IDENTIFIER | |
| control field | NUST |
| 020 ## - INTERNATIONAL STANDARD BOOK NUMBER | |
| Qualifying information | H/B |
| 038 ## - RECORD CONTENT LICENSOR | |
| Staff Name | waseem |
| 082 ## - DEWEY DECIMAL CLASSIFICATION NUMBER | |
| Classification number | 297.1229 |
| Author Mark | NAQ |
| 100 ## - MAIN ENTRY--PERSONAL NAME | |
| Personal name | Al-Najfi, Syed Muhammad Naqvi |
| 9 (RLIN) | 16824 |
| 245 ## - TITLE STATEMENT | |
| Title | Taskeen-e-Rooh / |
| Statement of responsibility, etc. | Syed Muhammad Naqvi Al-Najfi |
| 260 ## - PUBLICATION, DISTRIBUTION, ETC. | |
| Place of publication, distribution, etc. | Lahore : |
| Name of publisher, distributor, etc. | Dare-e-Taqeeq Jamat-ul-Muntizer, |
| Date of publication, distribution, etc. | 2009. |
| 300 ## - PHYSICAL DESCRIPTION | |
| Extent | 528 p. ; |
| 563 ## - BINDING INFORMATION | |
| Binding note | HBK. |
| 880 ## - ALTERNATE GRAPHIC REPRESENTATION | |
| Linkage | 100-01\r |
| Title | سید محمد نقوی النجفی |
| 880 ## - ALTERNATE GRAPHIC REPRESENTATION | |
| Linkage | 245-02\r |
| Title | تسکینِ روح / |
| 942 ## - ADDED ENTRY ELEMENTS (KOHA) | |
| Source of classification or shelving scheme | |
| Koha item type | Book |
| Withdrawn status | Lost status | Source of classification or shelving scheme | Damaged status | Not for loan | Permanent Location | Current Location | Shelving location | Date acquired | Total Checkouts | Full call number | Barcode | Date last seen | Date last checked out | Price effective from | Koha item type |
|---|---|---|---|---|---|---|---|---|---|---|---|---|---|---|---|
| Central Library (CL) | Central Library (CL) | First Floor - Islam | 07/05/2019 | 1 | 297.1229 NAQ | CL-E-507 | 10/05/2021 | 08/30/2019 | 07/05/2019 | Book | |||||
| Central Library (CL) | Central Library (CL) | 09/09/2020 | 297.1229 NAQ | CL3078 | 09/09/2020 | 09/09/2020 | Book |
